000 00564nam a2200181Ia 4500
008 090123s9999 xx 000 0 und d
082 _b19198
100 _aडहाणूकर शरदिनी अरूण
245 _aफुलवा
250 _a1
260 _bपॉप्युलर प्रकाशन
_c1991
300 _a128
600 _aडहाणूकर शरदिनी अरूण
630 _aफुलवा
700 _aडहाणूकर शरदिनी अरूण
730 _aफुलवा
942 _cBOOK
999 _c57263
_d57263